000 00806cab a2200217 4500
001 WB2847-47
008 090401t1992 xxu||||| |||| 00| 0 eng d
035 _a(Sirsi) u72974
041 _aeng
245 _aDirector for fast-track course
260 _c1992
350 _a0
490 _aRICS Press Release
_v(PR153/92) 27 November 1992 (2)
520 _aWally Kumar has been appointed by the RICS Education Trust to the directorship of the Wilson Centre, Cambridge. The aim of the Centre is to provide a fast-track route of entry for non-cognate graduates of outstanding ability.
650 _aCAMBRIDGE UNIVERSITY
650 _aCAREERS, EDUCATION AND TRAINING
650 _aWILSON CENTRE
690 _aMANAGEMENT-BUSINESS MANAGEMENT-PROFESSIONAL PRACTICE
942 _n0
948 _c04/03/1997
999 _c46134
_d46134